000 01550cam a2200349Ia 4500
001 5555544
005 20220326193307.0
008 060222s2004 es a b 000 0 spa d
010 _a 2006429086
020 _a9992381078
020 _a9789992381076
035 _a(NNC)5555544
035 _a(OCoLC)ocm69663150
040 _aCDS
_cCDS
_dDLC
041 1 _aspa
_heng
082 _a759.728.4
_bF672e
100 _aCroquer, Luis.
_91822
245 0 0 _aEl Salvador :
_bpanorámica de la pintura siglo XX : muestra Puntos Cardinales = A panorama of 20th century painting : Cardinal Points exhibition /
_cLuis Croquer, textos curatoriales ; Bélgica Rodríguez, introducción ; Federico Trujillo, fotografía ; Claudia Allwood, coordinación editorial.
246 3 0 _aPanorámica de la pintura siglo XX
246 3 1 _aEl Salvador : a panorama of 20th century painting
250 _a1. ed.
260 _aSan Salvador :
_bBanco Agrícola,
_cc2004.
300 _a191 p. :
_bcol. ill. ;
_c35 cm.
504 _aIncludes bibliographical references (p. 191).
505 _tPresentación
_tPrologo
_tIntroducción
_tPuntos Cardinales: Propuesta curatorial
_tMemoria y Cultura
_tRostros y Figuras
_tRealidad y Fantasia
_tEntorno y materia
_tUna aproximación Histórica
_tConstruyendo un sueño
_tBibliografia
546 _aSpanish text with parallel English translation.
650 0 _aPainting, Salvadoran
_y20th century.
_91823
700 1 _aCroquer, Luis.
_91824
948 0 _a20060222
_bb
_crhg9
_dSCMC
948 1 _a20090623
_bc
_crhg9
_dSCMC
999 _c384
_d384